NBA MVP, Finals MVP, and All-Star MVP Quiz - Statistics

General Stats
  • This quiz has been taken 4,377 times
    339 since last reset
  • The average score is 31 of 43
Answer Stats
Answer % Correct
4 Nikola Jokić
97%
2 S. Gilgeous-Alexander
97%
11 LeBron James
95%
5 Stephen Curry
95%
4 Giannis Antetokounmpo
93%
14 Michael Jordan
93%
5 Kevin Durant
91%
7 Kobe Bryant
91%
7 Shaquille O'Neal
90%
1 James Harden
89%
3 Russell Westbrook
89%
1 Joel Embiid
88%
6 Tim Duncan
88%
3 Kawhi Leonard
85%
2 Jayson Tatum
84%
2 Steve Nash
84%
2 Dirk Nowitzki
83%
3 Hakeem Olajuwon
83%
8 Magic Johnson
83%
3 Allen Iverson
80%
2 Dwyane Wade
77%
2 Kevin Garnett
76%
1 Tony Parker
76%
1 Derrick Rose
74%
4 Karl Malone
74%
1 Andre Iguodala
73%
2 Charles Barkley
71%
1 David Robinson
71%
1 Paul Pierce
68%
3 Isiah Thomas
66%
1 Chauncey Billups
62%
1 Scottie Pippen
58%
1 Anthony Edwards
57%
1 Kyrie Irving
56%
1 Damian Lillard
55%
1 Anthony Davis
51%
1 James Worthy
51%
1 Joe Dumars
46%
1 Chris Paul
42%
1 John Stockton
42%
1 Glen Rice
12%
1 Mitch Richmond
12%
1 Tom Chambers
6%
No matching quizzes found
Score Distribution
Percent of People with Each Score
Percentile by Number Answered
Your Score History
You have not taken this quiz since the last reset